Statistics for Worst Fifa world cup qualification teams of all time

Click here to take the quiz!

General Stats

  • This quiz has been taken 1,067 times
    (615 since last reset)
  • The average score is 9 of 21

Answer Stats

HintAnswer% Correct
Europe20Luxembourg
71%
Europe19Finland
65%
South America13Venezuela
63%
Europe12Malta
54%
North America15Guatemala
51%
Europe15Cyprus
48%
Europe12Albania
46%
Asia12Thailand
46%
Africa11Ethiopia
40%
Asia12Malaysia
38%
Africa12Sudan
38%
Africa12Kenya
37%
Asia14Syria
36%
North America14Suriname
34%
Asia11Qatar
32%
Asia11Chinese Taipei (Taiwan)
31%
Asia11Singapore
30%
Africa12Guinea
27%
Africa13Zambia
25%
Asia12Hong kong
21%
North America16Curacao (inc. Netherlands Antilles)
16%

Score Distribution

Percentile by Number Answered

Percent of People with Each Score

Your Score History

You have not taken this quiz since the last reset